[Event "18th Charleroi Open-A 2019"]
[Site "Charleroi"]
[Date "2019.07.27"]
[Round "1.9"]
[White "Van Dijck, Bjarne"]
[Black "Sclacmender, Julien"]
[Result "1-0"]
[WhiteElo "2053"]
[BlackElo "2269"]
[Annotator "NA"]
[PlyCount "83"]
[EventDate "2019.07.22"]
[EventType "swiss"]
[EventCountry "BEL"]
[SourceTitle "playchess.com"]
[Source "ChessBase"]
[SourceQuality "1"]
[TimeControl "40/5400+30:1800+30"]

1. e4 {[%emt 0:00:00]} d6 {[%emt 0:00:00]} 2. d4 {[%emt 0:00:00]} Nf6 {[%emt 0:00:00]} 3. Nc3 {[%emt 0:00:00]} e5 {[%emt 0:00:00]} 4. Nf3 {[%emt 0:00:01]} Nbd7 {[%emt 0:00:00]} 5. Bc4 {[%emt 0:00:13]} Be7 {[%emt 0:00:00]} 6. O-O {[%emt 0:00:11]} O-O {[%emt 0:00:00]} 7. h3 {[%emt 0:00:19]} c6 {[%emt 0:00:05]} 8. a4 {[%emt 0:00:03]} a5 {[%emt 0:00:09]} 9. Qe2 {[%emt 0:01:07]} exd4 {[%emt 0:05:13]} 10. Nxd4 {[%emt 0:00:20]} Nc5 {[%emt 0:00:12]} 11. Rd1 {[%emt 0:04:44]} Qc7 {[%emt 0:07:45]} 12. Bf4 {[%emt 0:00:47]} Be6 {[%emt 0:02:49]} 13. Nxe6 {[%emt 0:01:25]} fxe6 {[%emt 0:01:15]} 14. Bg3 {[%emt 0:03:18]} Kh8 {[%emt 0:09:12]} 15. e5 {[%emt 0:13:37]} Nd5 {[%emt 0:01:46]} 16. Ne4 {[%emt 0:10:49]} dxe5 {[%emt 0:06:32]} 17. Rd2 {[%emt 0:00:49]} Nf4 {[%emt 0:04:22]} 18. Qe3 {[%emt 0:01:13]} b6 {[%emt 0:03:01]} 19. Nxc5 {[%emt 0:04:22]} Bxc5 {[%emt 0:02:01]} 20. Qe4 {[%emt 0:00:05]} Rad8 {[%emt 0:03:29]} 21. Rad1 {[%emt 0:01:28]} Rxd2 {[%emt 0:02:12]} 22. Rxd2 {[%emt 0:00:05]} Bd6 {[%emt 0:06:49]} 23. c3 {[%emt 0:02:45]} g6 {[%emt 0:06:24]} 24. Bxe6 {[%emt 0:06:31]} Re8 {[%emt 0:12:09]} 25. Ba2 {[%emt 0:01:45]} Nh5 {[%emt 0:04:23]} 26. Bh2 {[%emt 0:01:47]} Nf6 {[%emt 0:03:12]} 27. Qd3 {[%emt 0:01:16]} Bc5 {[%emt 0:00:24]} 28. Qc4 {[%emt 0:02:03]} Qe7 {[%emt 0:03:22]} 29. Re2 {[%emt 0:02:10]} e4 {[%emt 0:03:20]} 30. b4 {[%emt 0:00:14]} axb4 {[%emt 0:02:05]} 31. cxb4 {[%emt 0:00:04]} Rd8 {[%emt 0:01:19]} 32. Bg3 {[%emt 0:02:19]} Rd4 {[%emt 0:01:39]} 33. Qc3 {[%emt 0:01:51]} Rd3 {[%emt 0:03:28]} 34. Qxd3 {[%emt 0:07:43]} exd3 {[%emt 0:00:05]} 35. Rxe7 {[%emt 0:00:03]} Bxe7 {[%emt 0:00:07]} 36. Be5 {[%emt 0:00:16]} h5 {[%emt 0:03:20]} 37. a5 {[%emt 0:00:43]} bxa5 {[%emt 0:01:05]} 38. bxa5 {[%emt 0:00:04]} Kh7 {[%emt 0:00:04]} 39. a6 {[%emt 0:01:19]} d2 {[%emt 0:01:02]} 40. Bb3 {[%emt 0:00:10]} Nd7 {[%emt 0:00:24]} 41. a7 {[%emt 0:30:59]} Nb6 {[%emt 0:32:46]} 42. Kf1 {[%emt 0:32:02]} 1-0

[Event "18th Charleroi Open-A 2019"]
[Site "Charleroi"]
[Date "2019.07.27"]
[Round "1.10"]
[White "Gijsen, Stief"]
[Black "Fischer, Julie"]
[Result "1-0"]
[WhiteElo "2227"]
[BlackElo "2050"]
[Annotator "TA"]
[PlyCount "61"]
[EventDate "2019.07.22"]
[EventType "swiss"]
[EventCountry "BEL"]
[SourceTitle "playchess.com"]
[Source "ChessBase"]
[SourceQuality "1"]

{[%evp 14,88,35,30,31,18,24,0,29,22,16,12,25,25,27,6,31,31,64,56,54,66,72,69,103,105,94,88,142,139,187,59,235,137,209,203,319,301,362,325,314,327,355,139,122,37,45,35,941,243,222,214,351,345,666,141,426,421,29995,95,129,-148,468,463,468,361,429,431,640,634,539,305,12808,10309,5086,5006,29981]} 1. e4 d6 2. d4 Nf6 3. Nc3 e5 4. Nf3 exd4 5. Nxd4 Be7 6. Be2 O-O 7. O-O Re8 8. f4 c6 {C41: Philidor Defence} (8... Bf8 9. Bf3 c5 10. Nde2 Nc6 11. Kh1 Bd7 12. Qd3 b5 13. a3 b4 14. Nd5 Rb8 15. b3 a5 16. Nxf6+ Qxf6 17. Rb1 Rbd8 {0-1 (26) Steingrimsson,H (2576)-Mamedyarov,S (2791) Antalya 2017}) 9. a4 a5 10. Kh1 $146 ({Predecessor:} 10. h3 Bf8 11. Bd3 Nbd7 12. Nb3 Nb6 13. Qf3 Be6 14. Nd4 Nfd7 15. Be3 Bc4 16. Nf5 {1-0 (25) Reschun,S (2255)-Denk,A (2265) Austria 1998}) 10... Bf8 {The position is equal.} 11. Bf3 Nbd7 12. Re1 Nc5 13. b3 Qc7 14. Bb2 Ne6 15. Nde2 $36 {[%mdl 2048] White fights for an advantage.} Bd7 16. Qd2 Rad8 17. Rad1 Nc5 {[%cal Rf6e4]} 18. Ng3 $1 Bg4 {[#]} 19. Nb5 $1 {[%cal Rb5c7][%mdl 512]} cxb5 20. Bxf6 $1 gxf6 (20... Bxf3 $142 21. Bxd8 Rxd8 22. gxf3 bxa4) 21. Bxg4 $16 bxa4 22. bxa4 (22. Bf5 $18) 22... Qc6 $2 {[#]} (22... d5 $1 $14) 23. Bf5 (23. Qxa5 Ra8 $14) ({Better is} 23. Nh5 $1 $18) 23... Ne6 (23... d5 $16 {is a better defense.}) 24. Nh5 $18 {Black must now prevent Bxe6.} (24. Qxa5 $6 Ra8 $16) 24... Be7 (24... Bg7 $142 25. Re3 (25. Qxa5 Qxc2 26. Bxe6 fxe6 $18) 25... Nf8) 25. Qf2 (25. Qxa5 Kh8 $18) 25... Nf8 26. Qg3+ Ng6 27. Bh3 Qxa4 28. Ra1 $2 (28. f5 $18) 28... Qxc2 $16 29. Rxa5 ({White should play} 29. Rac1 $16 Qd2 30. Rcd1) 29... Ra8 $14 30. Rxa8 Rd8 $2 {[%mdl 8192]} (30... Rxa8 $14 31. f5 {[%mdl 64] Pin} Qd2 32. fxg6 hxg6) 31. Rxd8+ {Played: Ra8-b8} 1-0

[Event "18th Charleroi Open-A 2019"]
[Site "Charleroi"]
[Date "2019.07.27"]
[Round "1.11"]
[White "De Block, Fabio"]
[Black "De Waele, Warre"]
[Result "0-1"]
[WhiteElo "2039"]
[BlackElo "2225"]
[Annotator "TA"]
[PlyCount "82"]
[EventDate "2019.07.22"]
[EventType "swiss"]
[EventCountry "BEL"]
[SourceTitle "playchess.com"]
[Source "ChessBase"]
[SourceQuality "1"]

{[%evp 20,82,0,0,3,0,0,-49,-49,-64,-43,-63,-54,-53,-37,-60,-54,-60,-38,-40,-32,-37,-26,-29,-16,-43,-17,-23,-10,-7,-15,-20,-9,-14,30,-52,0,0,0,-24,0,0,21,0,0,0,0,-28,-23,-157,-159,-178,-170,-613,-624,-614,-604,-585,-598,-581,-572,-572,-288,-582,-570]} 1. d4 Nf6 2. c4 e6 3. Nc3 Bb4 4. Qc2 b6 5. Nf3 Bb7 6. e3 O-O 7. Bd3 d6 8. e4 Bxc3+ 9. bxc3 e5 10. Bg5 Nbd7 {[%cal Bb8d7,Bd7f8,Bf8g6][%mdl 32]} 11. O-O Re8 {E43: Nimzo-Indian: Rubinstein: 4...b6} (11... h6 12. Bh4 Re8 13. Nd2 Nf8 14. Bg3 Ne6 15. d5 Nf4 16. Bxf4 exf4 17. g3 Bc8 18. Nf3 Bh3 19. Rfe1 Qd7 20. e5 dxe5 21. Nxe5 {½-½ (69) Rojicek,V (2412)-Polak,T (2525) Czech Republic 2016}) 12. Nd2 h6 13. Bxf6 Qxf6 {Black is slightly better.} 14. Nb3 Nf8 $146 ({Predecessor:} 14... Qf4 15. Qd2 Qxd2 16. Nxd2 Nf6 17. f3 a5 18. a4 Nd7 19. g3 {1-0 (41) Borowicz,P (1989)-Grudzien,P (1812) Leba 2008}) 15. d5 Ng6 16. g3 Bc8 17. f3 Bh3 18. Rf2 h5 19. Bf1 Bd7 20. h4 Nh8 21. Qd2 Qg6 22. Qg5 Qxg5 23. hxg5 Rf8 24. f4 exf4 25. gxf4 Rae8 26. Re1 Re7 27. Bg2 (27. f5 $11) 27... Rfe8 ({Black should try} 27... Ng6 $15) 28. Nd4 $11 Ng6 29. Ref1 Nf8 30. Kh2 Nh7 31. Kg3 g6 32. Kh4 Kg7 33. f5 {f6+ is the strong threat.} Kg8 34. Rf4 {[#]} (34. Bf3 $11) 34... f6 $1 $17 {[%cal Rf6g5]} 35. gxf6 g5+ {[%mdl 64] Double Attack} 36. Kxh5 $2 (36. Kh3 Nxf6 37. R4f2) 36... Nxf6+ $19 {[%mdl 64] Double Attack} 37. Kxg5 Rg7+ 38. Kh4 Kf7 {[%cal Re8h8]} 39. Kh3 Rh8+ 40. Rh4 Rxh4+ {[%mdl 64] [#] Overworked Piece} 41. Kxh4 {Black must now prevent Bf3.} Rxg2 {Accuracy: White = 48%, Black = 50%.} 0-1

[Event "18th Charleroi Open-A 2019"]
[Site "Charleroi"]
[Date "2019.07.27"]
[Round "1.12"]
[White "Faybish, Nimrod"]
[Black "Zamparo, Sergio"]
[Result "0-1"]
[WhiteElo "2220"]
[BlackElo "2031"]
[Annotator "NA"]
[PlyCount "60"]
[EventDate "2019.07.22"]
[EventType "swiss"]
[EventCountry "BEL"]
[SourceTitle "playchess.com"]
[Source "ChessBase"]
[SourceQuality "1"]
[TimeControl "40/5400+30:1800+30"]

1. c4 {[%emt 0:00:00]} e6 {[%emt 0:00:00]} 2. g3 {[%emt 0:00:04]} d5 {[%emt 0:00:00]} 3. Bg2 {[%emt 0:00:12]} Nf6 {[%emt 0:00:00]} 4. Nf3 {[%emt 0:00:22]} Be7 {[%emt 0:00:15]} 5. b3 {[%emt 0:01:04]} O-O {[%emt 0:00:08]} 6. O-O {[%emt 0:00:23]} a5 {[%emt 0:01:39]} 7. a3 {[%emt 0:04:00]} d4 {[%emt 0:02:18]} 8. Bb2 {[%emt 0:12:04]} Nc6 {[%emt 0:06:12]} 9. e3 {[%emt 0:18:28]} e5 {[%emt 0:00:16]} 10. exd4 {[%emt 0:00:34]} exd4 {[%emt 0:00:04]} 11. Re1 {[%emt 0:00:59]} Bg4 {[%emt 0:01:15]} 12. d3 {[%emt 0:01:55]} Qd7 {[%emt 0:01:50]} 13. Nbd2 {[%emt 0:01:26]} Rfe8 {[%emt 0:00:11]} 14. Qc2 {[%emt 0:05:49]} Bc5 {[%emt 0:05:47]} 15. Ng5 {[%emt 0:04:42]} h6 {[%emt 0:04:12]} 16. Nge4 {[%emt 0:00:21]} Nxe4 {[%emt 0:00:07]} 17. Nxe4 {[%emt 0:00:13]} Bf8 {[%emt 0:00:14]} 18. c5 {[%emt 0:10:12]} Be6 {[%emt 0:05:07]} 19. Rab1 {[%emt 0:13:50]} Bd5 {[%emt 0:01:32]} 20. Ba1 {[%emt 0:07:58]} f5 {[%emt 0:01:56]} 21. Bh3 {[%emt 0:01:16]} Ne5 {[%emt 0:14:55]} 22. Nd2 {[%emt 0:00:27]} Bc6 {[%emt 0:00:30]} 23. b4 {[%emt 0:03:57]} axb4 {[%emt 0:04:02]} 24. axb4 {[%emt 0:00:12]} Kh8 {[%emt 0:21:09]} 25. b5 {[%emt 0:03:55]} Bxb5 {[%emt 0:01:45]} 26. Bxf5 {[%emt 0:00:37]} Qxf5 {[%emt 0:00:23]} 27. Rxb5 {[%emt 0:00:26]} Nxd3 {[%emt 0:00:57]} 28. Rxe8 {[%emt 0:02:58]} Qxf2+ {[%emt 0:00:24]} 29. Kh1 {[%emt 0:00:06]} Rc8 {[%emt 0:27:22]} 30. Rd8 Rxd8 {[%emt 0:00:00]} 0-1

[Event "18th Charleroi Open-A 2019"]
[Site "Charleroi"]
[Date "2019.07.27"]
[Round "1.13"]
[White "Miulescu, Gabriel"]
[Black "Van Mechelen, Jan"]
[Result "1-0"]
[WhiteElo "2020"]
[BlackElo "2218"]
[Annotator "NA"]
[PlyCount "109"]
[EventDate "2019.07.22"]
[EventType "swiss"]
[EventCountry "BEL"]
[SourceTitle "playchess.com"]
[Source "ChessBase"]
[SourceQuality "1"]
[TimeControl "40/5400+30:1800+30"]

1. d4 {[%emt 0:00:00]} Nf6 {[%emt 0:00:07]} 2. c4 {[%emt 0:00:00]} g6 {[%emt 0:00:44]} 3. Nc3 {[%emt 0:00:00]} Bg7 {[%emt 0:00:06]} 4. e4 {[%emt 0:00:02]} d6 {[%emt 0:00:05]} 5. Bd3 {[%emt 0:00:11]} Nc6 {[%emt 0:04:13]} 6. Nge2 {[%emt 0:00:44]} Nd7 {[%emt 0:02:08]} 7. Bc2 {[%emt 0:01:25]} e5 {[%emt 0:01:44]} 8. d5 {[%emt 0:00:22]} Ne7 {[%emt 0:03:06]} 9. O-O {[%emt 0:00:56]} a5 {[%emt 0:00:19]} 10. Rb1 {[%emt 0:03:05]} O-O {[%emt 0:02:24]} 11. Bg5 {[%emt 0:10:48]} h6 {[%emt 0:00:49]} 12. Be3 {[%emt 0:00:25]} f5 {[%emt 0:02:05]} 13. exf5 {[%emt 0:00:27]} Nxf5 {[%emt 0:00:38]} 14. Ng3 {[%emt 0:11:46]} Nf6 {[%emt 0:03:38]} 15. Nxf5 {[%emt 0:14:59]} Bxf5 {[%emt 0:02:53]} 16. f3 {[%emt 0:02:40]} h5 {[%emt 0:06:22]} 17. Qd2 {[%emt 0:05:06]} b6 {[%emt 0:01:50]} 18. Bg5 {[%emt 0:03:59]} Rf7 {[%emt 0:03:00]} 19. Rbe1 {[%emt 0:01:36]} Qf8 {[%emt 0:06:23]} 20. h3 {[%emt 0:06:01]} Nh7 {[%emt 0:08:06]} 21. Be3 {[%emt 0:00:15]} h4 {[%emt 0:03:51]} 22. Ne4 {[%emt 0:02:27]} Qe7 {[%emt 0:03:46]} 23. a3 {[%emt 0:01:05]} Bf6 {[%emt 0:04:09]} 24. b4 {[%emt 0:01:51]} axb4 {[%emt 0:08:09]} 25. axb4 {[%emt 0:00:11]} Kh8 {[%emt 0:00:16]} 26. Ra1 {[%emt 0:00:52]} Rff8 {[%emt 0:02:29]} 27. c5 {[%emt 0:02:41]} bxc5 {[%emt 0:00:10]} 28. bxc5 {[%emt 0:00:06]} Rg8 {[%emt 0:03:08]} 29. Rxa8 {[%emt 0:05:08]} Rxa8 {[%emt 0:00:12]} 30. Rb1 {[%emt 0:00:08]} Bxe4 {[%emt 0:07:16]} 31. Bxe4 {[%emt 0:00:14]} Bg5 {[%emt 0:04:17]} 32. Bxg6 {[%emt 0:05:06]} Rg8 {[%emt 0:05:57]} 33. cxd6 {[%emt 0:03:14]} cxd6 {[%emt 0:01:33]} 34. Bxh7 {[%emt 0:00:27]} Qxh7 {[%emt 0:01:09]} 35. Rb4 {[%emt 0:00:18]} Bd8 {[%emt 0:05:19]} 36. Rg4 {[%emt 0:01:05]} Rxg4 {[%emt 0:00:37]} 37. hxg4 {[%emt 0:00:20]} h3 {[%emt 0:00:49]} 38. gxh3 {[%emt 0:00:41]} Qxh3 {[%emt 0:00:12]} 39. Qh2 {[%emt 0:00:46]} Qxh2+ {[%emt 0:00:06]} 40. Kxh2 {[%emt 0:00:04]} Kg7 {[%emt 0:00:16]} 41. Kg3 {[%emt 0:30:18]} Kg6 {[%emt 0:30:29]} 42. Kf2 {[%emt 0:00:23]} Be7 {[%emt 0:00:00]} 43. Ke2 {[%emt 0:00:00]} Bf8 {[%emt 0:00:00]} 44. Kd3 {[%emt 0:00:00]} Kf7 {[%emt 0:00:00]} 45. Kc4 {[%emt 0:00:00]} Ke8 {[%emt 0:00:00]} 46. Kb5 {[%emt 0:00:00]} Kd7 {[%emt 0:00:00]} 47. Bg5 {[%emt 0:00:00]} Bg7 {[%emt 0:00:00]} 48. Kb6 {[%emt 0:00:00]} Bh8 {[%emt 0:00:00]} 49. Bh6 {[%emt 0:00:00]} Bf6 {[%emt 0:00:00]} 50. g5 {[%emt 0:00:00]} Bd8+ {[%emt 0:00:00]} 51. Kb7 {[%emt 0:00:00]} Ba5 {[%emt 0:00:00]} 52. Bf8 {[%emt 0:00:00]} Bb4 {[%emt 0:00:00]} 53. g6 {[%emt 0:00:00]} Ke8 {[%emt 0:00:00]} 54. g7 {[%emt 0:00:00]} Kf7 {[%emt 0:00:00]} 55. Kc6 {[%emt 0:00:00]} 1-0

[Event "18th Charleroi Open-A 2019"]
[Site "Charleroi"]
[Date "2019.07.27"]
[Round "1.15"]
[White "De Weird, Matthias"]
[Black "Verheyen, Olivier"]
[Result "1-0"]
[WhiteElo "2009"]
[BlackElo "2200"]
[Annotator "TA"]
[PlyCount "105"]
[EventDate "2019.07.22"]
[EventType "swiss"]
[EventCountry "BEL"]
[SourceTitle "playchess.com"]
[Source "ChessBase"]
[SourceQuality "1"]

{[%evp 9,104,-4,0,-9,10,12,16,-14,-7,-27,-13,-29,-7,-19,0,-19,-8,-29,-19,-35,-27,-14,5,-41,14,8,114,110,125,114,137,0,160,173,163,152,297,304,289,289,306,301,280,173,191,89,127,122,261,244,590,568,618,643,595,506,654,487,480,368,366,373,506,536,991,983,1037,1033,1118,1079,1099,941,1112,1119,1277,1118,1083,1096,1073,1041,987,860,852,837,848,848,791,739,858,853,1047,1007,5602,5522,5142,4918,29999]} 1. e4 c5 2. Bc4 e6 3. Qe2 a6 (3... Nc6 4. Nf3 a6 5. c3 Be7 6. Bb3 d5 7. d3 Nf6 8. e5 Nd7 9. d4 b5 10. O-O Qb6 11. Be3 a5 12. Qd2 Ba6 {½-½ (31) Cicak,S (2569)-Cramling,P (2531) Stockholm 2007}) 4. d3 b5 5. Bb3 Nc6 6. c3 {B20: Sicilian: Unusual White 2nd moves} d6 7. Nf3 Nf6 8. Nbd2 {The position is equal.} Be7 9. Nf1 $146 ({Predecessor:} 9. O-O O-O 10. Re1 e5 11. h3 {0-1 (33) Guerrero Campo,C (1882)-Herize Godoy,M (1996) Valera 2017}) 9... d5 10. Ng3 O-O 11. O-O Qc7 12. Rd1 a5 {[%cal Ba6a5,Ba5a4,Ba4a3][%mdl 32]} 13. Bg5 a4 14. Bc2 a3 15. b3 h6 16. Bd2 (16. Bxf6 $5 Bxf6 17. d4 $11) 16... Re8 (16... d4 $15) 17. Rac1 Bf8 (17... b4 $11) 18. e5 $16 Nd7 {[%cal Rd7e5]} 19. d4 Ba6 20. Qe3 (20. b4 $1 $16) 20... Qb7 $2 (20... b4 $11) 21. Qf4 $1 b4 22. Qg4 $1 $40 {[%mdl 128] White is out for blood.} Kh8 {[#]} (22... g6 $16) 23. Ng5 $1 $18 {[%cal Rg5f7][%mdl 512]} Ndxe5 (23... hxg5 24. Qh5+) 24. dxe5 Nxe5 25. Qh5 g6 26. Qh4 Kg8 {[#]} 27. Nh3 (27. N5e4 $1 $18 {[%cal Re4f6][%mdl 512] and White stays clearly on top. White wants to mate with Nf6+.} dxe4 28. Bxe4 (28. Nxe4 Be7 $16)) 27... f5 28. cxb4 ({Don't take} 28. Bxh6 $6 Qh7 $14) 28... g5 (28... Ng4 $16 {was worth a try.}) 29. Qh5 f4 $2 {[#]} (29... cxb4 30. f4 gxf4) 30. Nxf4 $1 gxf4 31. Bxf4 {[%mdl 64] Double Attack} Nc6 32. bxc5 Qg7 33. Qh4 Nd4 34. Bd3 e5 35. Be3 Be7 36. Qh5 Bg5 37. Bxa6 Rf8 38. Bxg5 hxg5 39. Bd3 Rf6 40. Re1 e4 {[#]} 41. Nxe4 $1 dxe4 42. Bc4+ Kf8 43. Rxe4 {Hoping for Rce1.} Rh6 44. Qd1 Rd8 45. h3 Qf6 46. Qf1 Rh4 47. Rxh4 gxh4 48. Rd1 Qg5 49. Qd3 Qxc5 50. Qe4 {Black must now prevent Qf4+.} Qd6 51. Re1 Qf6 52. Qg4 {[%csl Gc4][%cal Rg4g8]} Re8 53. Qg8# {Accuracy: White = 56%, Black = 27%.} 1-0

[Event "18th Charleroi Open-A 2019"]
[Site "Charleroi"]
[Date "2019.07.27"]
[Round "1.16"]
[White "Hoffmeister, Frank"]
[Black "Damlakhi, Mahmoud"]
[Result "1-0"]
[WhiteElo "2187"]
[BlackElo "2008"]
[Annotator "TA"]
[PlyCount "27"]
[EventDate "2019.07.22"]
[EventType "swiss"]
[EventCountry "BEL"]
[SourceTitle "playchess.com"]
[Source "ChessBase"]
[SourceQuality "1"]

{[%evp 9,27,36,62,55,97,8,14,14,9,22,23,15,513,480,29988,29989,29992,29993,29995,29996]} 1. e4 Nf6 2. Nc3 e5 3. Nf3 Bb4 4. Bc4 Nc6 5. Nd5 Ba5 (5... Bc5 6. d3 h6 7. Be3 Bb6 8. Qd2 d6 9. h3 Be6 10. c3 Bxd5 11. exd5 Ne7 12. Bb5+ c6 13. dxc6 bxc6 {0-1 (46) Belozerov,A (2528)-Chen,Q (2437) St Petersburg 2018}) 6. c3 {C55: Two Knights: 4 d3, 4 d4 exd4 5 e5 and Max Lange Attack} Nxe4 7. Qe2 (7. d4 $16) 7... Nd6 $11 8. Bb3 {Black should prevent d4.The position is equal.} O-O {next ...e4 is good for Black.} 9. d3 $146 ({Predecessor:} 9. O-O e4 10. Ne1 Re8 11. f3 Qh4 12. fxe4 Rxe4 {1-0 (29) Kovacik,E (2156)-Federic,P (2238) Slovakia 2008}) 9... Kh8 10. Ng5 ({Don't blunder} 10. Nxe5 $2 Nxe5 11. Bf4 (11. Qxe5 $2 Re8 $19) 11... Re8 $19) 10... g6 $2 {[%mdl 8192] [#]} (10... Nf5 $11 {and Black is okay.}) 11. h4 $1 $18 {[%cal Rh4h5] Threatens to win with h5.} f6 {[#]} (11... h5 $18 12. g4 Qe8) 12. h5 $1 {White mates.} Nd4 {[#]} 13. hxg6 $1 {[%mdl 512]} Ne6 {[#]} 14. Qh5 $1 {[%mdl 512] Accuracy: White = 73%, Black = 31%.} 1-0

[Event "18th Charleroi Open-A 2019"]
[Site "Charleroi"]
[Date "2019.07.27"]
[Round "1.17"]
[White "Bruno, Ricardo"]
[Black "Decrop, Benjamin"]
[Result "*"]
[WhiteElo "2007"]
[BlackElo "2183"]
[Annotator "TA"]
[PlyCount "131"]
[EventDate "2019.07.22"]
[EventType "swiss"]
[EventCountry "BEL"]
[SourceTitle "playchess.com"]
[Source "ChessBase"]
[SourceQuality "1"]

{[%evp 12,131,62,0,0,0,0,0,0,0,0,0,16,-57,-54,-54,-29,-19,-20,-14,-21,-6,7,-55,-15,-86,35,0,59,15,91,44,91,52,57,24,91,91,91,65,78,68,71,52,52,52,50,50,72,42,37,14,20,14,14,0,0,0,14,0,0,0,14,14,14,14,14,14,14,14,14,5,5,4,27,0,14,0,14,0,14,0,14,14,14,14,14,14,14,14,14,2,14,14,14,14,14,14,14,0,14,0,39,14,70,19,33,14,36,0,21,14,23,0,14,0,38,14,14,0,7,7]} 1. d4 Nf6 2. c4 g6 3. Nc3 Bg7 4. e4 d6 5. g3 O-O 6. Bg2 Nc6 7. Nf3 (7. Nge2 $14) 7... Bg4 $11 {E62: King's Indian: Fianchetto: 6...c6 and Panno Variation (6...Nc6) without ...a6} 8. Be3 (8. h3 Bxf3 9. Bxf3 e5 10. d5 Nd4 11. O-O Nd7 12. Bg2 c5 13. Be3 f5 14. f4 exf4 15. Bxf4 Ne5 16. b3 g5 17. Be3 Ng6 18. Rc1 f4 19. Bxd4 Bxd4+ {0-1 (44) Franco Valencia,B (2159)-Barrientos,S (2504) Cartagena 2019}) 8... e5 {And now ...exd4 would win.} 9. d5 {[#]} Nd4 $1 {[%mdl 512]} 10. h3 (10. Bxd4 exd4) 10... Bxf3 11. Bxf3 Nd7 12. Nb5 $146 ({Better is} 12. Bg2 $1 $11) ({Predecessor:} 12. Bg2 c5 13. O-O a6 14. Qd2 Kh8 15. Kh2 f5 16. Bg5 Qe8 17. exf5 gxf5 18. Rae1 b5 19. cxb5 axb5 20. a3 Qg6 21. Be3 f4 22. gxf4 exf4 23. Bxf4 {0-1 (42) Le,L (1755)-Nguyen,T (1873) Bac Giang 2018}) 12... Nxf3+ $15 13. Qxf3 a6 14. Nc3 f5 15. Qe2 f4 16. Bd2 c5 17. Qg4 ({White should play} 17. h4 $11) 17... Rf7 18. h4 (18. Qe2 $11) 18... Qf6 (18... Nf6 $17 19. Qe6 Qf8) 19. O-O-O h6 (19... b5 $11) 20. Rdf1 Nf8 (20... b5 $11 {remains equal.}) 21. Qe2 Qe7 22. Kc2 Qd7 23. Rb1 Rc8 (23... b5 $11) 24. f3 $16 Qc7 25. g4 Nd7 26. Kd1 Bf8 27. h5 g5 28. Ke1 Be7 29. Kf2 Bd8 30. Rhc1 Nf6 31. Rg1 Qd7 32. b3 Ba5 33. Na4 Bxd2 34. Qxd2 {Nb6 is the strong threat.} Qc7 35. Qd3 Rb8 36. Nc3 Qc8 37. a4 b6 38. Ra1 Rfb7 39. Qe2 Qd7 40. Ra2 Ne8 41. Rga1 Nc7 42. Rc1 Kf7 43. Rcc2 Ke7 44. Qd1 Kd8 45. Qa1 Ne8 46. Qd1 Ke7 47. Rab2 Nf6 48. Qg1 Rg8 49. Ke1 Qc7 50. Kd1 Ra8 51. Ra2 Kd8 52. Qg2 Qd7 53. Qe2 Ne8 54. Rc1 Nc7 55. Rca1 Kc8 56. Qd3 Kb8 57. Qc2 Rba7 (57... Kc8 $11) 58. Qe2 ({White should try} 58. a5 $14 bxa5 59. Ke2 (59. Rxa5 Kc8 $14)) 58... Rb7 59. Qd3 Raa7 60. Qe2 Kc8 61. Qc2 Rb8 62. Qe2 Rab7 63. Rc2 b5 64. axb5 axb5 65. Rca2 bxc4 66. bxc4 {Accuracy: White = 28%, Black = 39%.} *

[Event "18th Charleroi Open-A 2019"]
[Site "Charleroi"]
[Date "2019.07.27"]
[Round "1.18"]
[White "Van Malder, Dries"]
[Black "Ramacker, Quinten"]
[Result "1/2-1/2"]
[WhiteElo "2178"]
[BlackElo "2006"]
[Annotator "TA"]
[PlyCount "88"]
[EventDate "2019.07.22"]
[EventType "swiss"]
[EventCountry "BEL"]
[SourceTitle "playchess.com"]
[Source "ChessBase"]
[SourceQuality "1"]

{[%evp 13,88,-21,-14,-14,-16,-20,-14,-42,-29,-27,-29,-45,-34,-64,-37,-24,-26,-33,18,-26,-15,-26,-33,-35,-28,-20,-20,-51,-58,-54,-51,-53,-43,-78,-77,-76,-68,-114,-37,-37,-2,-2,-2,-62,0,0,-2,-2,0,0,0,0,0,0,0,0,0,0,0,0,0,0,0,0,0,0,0,0,0,0,0,0,0,0,0,0,0]} 1. Nf3 Nf6 2. e3 d5 3. c4 e6 4. Nc3 Be7 5. d4 O-O 6. Bd3 dxc4 7. Bxc4 a6 8. Qc2 {D37: Queen's Gambit Declined: 5 Bf4} (8. O-O c5 9. Qe2 b5 10. Bb3 Bb7 11. Rd1 Nbd7 12. e4 b4 13. d5 bxc3 14. dxe6 fxe6 15. Ng5 Qb6 16. Bxe6+ Kh8 17. Bxd7 h6 18. Ne6 Rf7 19. bxc3 Bxe4 {1-0 (39) Cori Tello,J (2657)-Rambaldi,F (2574) Saint Louis 2017}) 8... b5 {[%cal Bb7b5,Bb5b4][%mdl 32]} 9. Bd3 Bb7 10. a4 $146 ({Predecessor:} 10. e4 h6 11. Be3 Nbd7 12. h3 c5 13. e5 Nd5 14. Nxd5 Bxd5 {0-1 (35) Akaoglu,M (1051)-Durucay,E (1561) Antalya 2019}) 10... b4 {...Bxf3 is the strong threat.} 11. Ne4 Nbd7 12. O-O {[#]} c5 $1 {[%mdl 512]} 13. Nxc5 (13. dxc5 Bxe4) 13... Nxc5 14. dxc5 Rc8 15. Qe2 Qa5 ({Much weaker is} 15... Bxc5 $6 16. Bxa6 Bxa6 17. Qxa6 $14) ({Black should play} 15... Bxf3 $15 16. gxf3 a5) 16. e4 Nd7 17. Be3 Nxc5 18. Bxc5 Rxc5 19. Nd2 Rc7 $36 {[%mdl 2048] Black is more active.} 20. Nc4 Qc5 21. b3 a5 22. Rad1 Rd8 23. Kh1 Rcd7 24. f4 Ba6 25. e5 Bxc4 (25... g6 $17) 26. Bxc4 $15 {next Rxd7 is good for White.} g6 27. Rxd7 Rxd7 28. Qf2 (28. g3 $11) 28... Qxf2 (28... Rd4 $15) 29. Rxf2 {[%mdl 4096] Endgame KRB-KRB. The position is equal.} Bc5 30. Rf1 h5 31. g3 Rd2 32. Re1 Kg7 33. Re2 Rd1+ 34. Kg2 Kh6 35. h4 Kg7 36. Rc2 Bd4 37. Be2 Rb1 38. Bc4 Bc3 39. Rf2 Rd1 40. Rf1 Rd2+ 41. Rf2 Rd4 42. Kf3 Kf8 43. Ke2 Ke7 44. Bd3 Rd8 {Accuracy: White = 65%, Black = 54%.} 1/2-1/2